MARC

LEADER 00000nam0a2200000 4500
001 221
005 20231101204114.0
010 |a 5761503662 
035 |a (RuTPU)RU\TPU\book\222 
035 |a BOOK00000222 
090 |a 221 
100 |a 20011209d1995 m y0rusy50 ca 
101 0 |a rus 
102 |a RU 
105 |a y j 000zd 
200 1 |a Современная социальная теория: Бурдье, Гидденс, Хабермас  |e учебное пособие  |f сост. А. В. Леденева 
210 |a Новосибирск  |c Изд-во НГУ  |d 1995 
215 |a 120 с. 
600 1 |a Бурдье  |b П.  |c французский социолог  |f 1930-  |g Пьер  |2 stltpui  |3 (RuTPU)RU\TPU\pers\57 
600 1 |a Гидденс  |b Э.  |c английский социолог  |f 1938-  |g Энтони  |2 stltpui  |3 (RuTPU)RU\TPU\pers\1398  |9 619 
600 1 |a Хабермас  |b Ю.  |c немецкий философ, социолог  |f 1929-  |g Юрген  |2 stltpui  |3 (RuTPU)RU\TPU\pers\1399  |9 620 
606 1 |a Социальные системы  |2 stltpush  |3 (RuTPU)RU\TPU\subj\37900  |9 58665 
610 1 |a социальные теории 
610 1 |a учебные пособия 
610 1 |a социология 
686 |a С55я73  |v LBC/SL-A  |2 rubbk 
702 1 |a Леденева  |b А. В.  |4 220 
801 0 |a RU  |b 63413507  |c 20011209  |g PSBO 
801 2 |a RU  |b 63413507  |c 20220408  |g PSBO 
942 |c BK